Normal view
MARC view
- SUCCESSFUL MARKETING.HUMAN BEHAVIOR.ADVERTISING-BRAND NAME PRODUCTS.BRAND NAME PRODUCTS-MARKETING
Entry Topical Term
001 - CONTROL NUMBER
- control field: 65789
003 - CONTROL NUMBER IDENTIFIER
- control field: NUST
005 - DATE AND TIME OF LATEST TRANSACTION
- control field: 20210628203506.0
008 - FIXED-LENGTH DATA ELEMENTS
- fixed length control field: 210628|| aca||aabn | a|a d
040 ## - CATALOGING SOURCE
- Original cataloging agency: NUST
- Transcribing agency: NUST
150 ## - HEADING--TOPICAL TERM
- Topical term or geographic name entry element: SUCCESSFUL MARKETING.HUMAN BEHAVIOR.ADVERTISING-BRAND NAME PRODUCTS.BRAND NAME PRODUCTS-MARKETING
670 ## - SOURCE DATA FOUND
- Source citation: Work cat.: (NUST): Hallward, John 65788, Gimme, the human nature of successful marketing, 2007
